000 00410pab a2200169 454500
008 180718b2009 xxu||||| |||| 00| 0 eng d
100 _aPandya, Samta
245 _aUnderstanding social theory for social work
260 _c2009
300 _ap.353-74.
362 _aJul
650 _aSocial work
650 _aSocial sciences
773 _aIndian Journal of Social Work
908 _aN
909 _a85835
999 _c85835
_d85835